30 things you might not know about part L (Record no. 83777)

MARC details
000 -LEADER
fixed length control field 00849cab a22001935a 4500
001 - CONTROL NUMBER
control field L155002
008 - FIXED-LENGTH DATA ELEMENTS--GENERAL INFORMATION
fixed length control field 120216e20120210xxk 000 0 eng d
035 ## - SYSTEM CONTROL NUMBER
System control number (Sirsi) u155002
041 0# - LANGUAGE CODE
Language code of text/sound track or separate title eng
100 1# - MAIN ENTRY--PERSONAL NAME
Personal name Pitt, Vern
245 00 - TITLE STATEMENT
Title 30 things you might not know about part L
260 ## - PUBLICATION, DISTRIBUTION, ETC.
Date of publication, distribution, etc. 2012
490 ## - SERIES STATEMENT
Series statement Building
Volume/sequential designation 277 (8714) 10 February 2012, 20-22(3)
520 ## - SUMMARY, ETC.
Summary, etc. Basic points such as "Part L is the part of the Building Regulations that covers the conservation of fuel and power in all structures, domestic and non-domestic", plus facts about putting it into action, how much will it cost you?, what will the impact be?, and consultation vital statistics, explaining that housebuilders cannot afford to ignore this latest consultation.
590 ## - LOCAL NOTE (RLIN)
Local note KA
651 #4 - SUBJECT ADDED ENTRY--GEOGRAPHIC NAME
Geographic name England
Chronological subdivision 886-
690 ## - LOCAL SUBJECT ADDED ENTRY--TOPICAL TERM (OCLC, RLIN)
Topical term or geographic name as entry element Building regulations
9 (RLIN) 6224
942 ## - ADDED ENTRY ELEMENTS (KOHA)
Suppress in OPAC 0
Holdings
Withdrawn status Lost status Source of classification or shelving scheme Damaged status Not for loan Home library Current library Shelving location Date acquired Total Checkouts Full call number Barcode Date last seen Copy number Price effective from Koha item type
    Dewey Decimal Classification     London London Journal article 16/02/2012   L155002 155002-1001 06/08/2019 1 06/08/2019 Journal article